00246nam a2200109Ia 4500008004100000100001600041245001700057260001800074650002000092942000700112999001700119190216s9999||||xx |||||||||||||| ||und|| aChummar T M 0aChinthapadam bCurrent Books aEssay Malayalam cBK c24113d24113